000 00670cam a22002293a 4500
001 22777
003 PGUSA
005 20140828083502.0
008 070927s2007||||xxu|||||s|||||000 | eng d
040 _aPGUSA
_beng
042 _adc
050 4 _aE151
100 1 _aAndrews, Elisha Benjamin,
_d1844-1917
245 1 0 _aHistory of the United States, Volume 5
_h[electronic resource] /
_cElisha Benjamin Andrews
260 _bProject Gutenberg,
_c2007
506 _aPublic domain in the USA.
516 _aElectronic text
653 _aUnited States -- History
830 0 _aProject Gutenberg
_v22777
856 4 0 _uhttp://www.gutenberg.org/ebooks/22777
942 _cEB
999 _c252032
_d252032